Statistics for Is It an Island Country?

Click here to take the quiz!

General Stats

  • This quiz has been taken 78 times
  • The average score is 16 of 20

Answer Stats

HintAnswer% Correct
NauruYes
89%
MaltaYes
88%
IcelandYes
88%
CyprusYes
86%
VietnamNo
82%
MontenegroNo
82%
EcuadorNo
82%
NorwayNo
80%
United KingdomYes
80%
Sri LankaYes
80%
MalawiNo
78%
HaitiYes
78%
DominicaYes
78%
TuvaluYes
77%
QatarNo
75%
El SalvadorNo
75%
South KoreaNo
75%
KuwaitNo
74%
BahrainYes
74%
GreeceNo
69%

Score Distribution

Percentile by Number Answered

Percent of People with Each Score

Your Score History

You have not taken this quiz